Deutsche Wolkenkratzer - Statistiken

Allgemein
  • Dieses Quiz wurde 34 mal gespielt
    23 seit der letzten Aktualisierung
  • Das Durchschnittsergebnis liegt bei 7 aus 28
Antwortstatistiken
Stadt Status Höhe Wolkenkratzer % Korrekt
Frankfurt am Main fertig 259 m Commerzbank Tower
88%
Frankfurt am Main fertig 256 m Messeturm
65%
Hamburg in Bau 245 m Elbtower
53%
Frankfurt am Main fertig 200 m Main Tower
47%
Frankfurt am Main geplant 288 m Millennium Tower
41%
Bonn fertig 162 m Post Tower
41%
Frankfurt am Main fertig 155 m Deutsche Bank Turm
29%
Berlin in Bau 176 m Estrel Tower
29%
Frankfurt am Main fertig 190 m ONE
29%
Frankfurt am Main fertig 185 m EZB
24%
Frankfurt am Main fertig 189 m Omniturm
24%
Frankfurt am Main fertig 166 m Silberturm
24%
Frankfurt am Main fertig 170 m Taunusturm
24%
Frankfurt am Main fertig 180 m Grand Tower
18%
Frankfurt am Main fertig 170 m Opernturm
18%
Frankfurt am Main fertig 200 m Tower 185
18%
Frankfurt am Main fertig 186 m Trianon
18%
Frankfurt am Main fertig 208 m Westendstraße 1
18%
Frankfurt am Main in Bau 205 m Central Business Tower
12%
Berlin geplant 150 m Hines Tower
12%
Frankfurt am Main fertig 155 m Marienturm
12%
Frankfurt am Main geplant 175 m Präsidium
12%
Frankfurt am Main fertig 154 m Skyper
12%
Frankfurt am Main fertig 159 m Westend Gate
12%
Berlin in Bau 150 m Alexander Tower
6%
Frankfurt am Main in Bau 233 m Four T1
6%
Frankfurt am Main in Bau 173 m Four T2
6%
Frankfurt am Main geplant 157 m Millennium Tower B
6%
Keine übereinstimmenden Quizze gefunden
Verteilung der Resultate
Anzahl Personen mit jedem Resultat
Perzentil nach korrekt beantworteten Fragen
Ihre Resultats-Entwicklung
Sie haben dieses Quiz seit der letzten Aktualisierung nicht gespielt